| LEADER | 00770nam a2200217K 4500 | ||
|---|---|---|---|
| 001 | 006396830-4 | ||
| 005 | 20150612151810.0 | ||
| 008 | 960119r18591859fr 000 0 lat d | ||
| 035 | 0 | |a ocm05036351 | |
| 040 | |a BOH |c BOH | ||
| 043 | |a f-ae--- | ||
| 050 | 4 | |a QK386 |b .C6151 1859 | |
| 100 | 1 | |a Cosson, E. |q (Ernest), |d 1819-1889. | |
| 245 | 1 | 0 | |a De quibusdam plantis novis in Sahara algeriensi australiore anno 1858 lectis. |
| 260 | |a Paris. |c 1859. | ||
| 300 | |a pp. 8. |c 8vo | ||
| 500 | |a "Extrait du Bulletin de la Société botanique de France," 1859, vi, 391-396. | ||
| 650 | 0 | |a Plants |z Algeria. | |
| 776 | 0 | 8 | |i Online version: |a Cosson, E. (Ernest), 1819-1889. |t De quibusdam plantis novis. |d Paris : Imprimerie de L. Martinet, 1859 |w (OCoLC)881892210 |
| 988 | |a 20020608 | ||
| 906 | |0 MH | ||


